000 00772nam a2200253Ia 4500
003 OSt
005 20220924131655.0
006 a|||||r|||| 00| 0
007 ta
008 220923b |||||||| |||| 00| 0 san d
024 _a55443
037 _cTextual
040 _aARTS
_cARTS
_bsan
041 _2san
_asan
082 _aP15,Cx194,1,1, L5
100 _aNagesa Bhatta
245 0 _aParibhasendu sekhara with the comm Haimayati Yagesvara Sastri ed Kalika Prasad Sukla
260 _aVaranasi
_bSampurnananda Sanskrit Vishvavidyalaya
_c1975
300 _aa-kh , 369p.
_ccm.
490 _aM M Sivakumarasastri-Granthamala; 1
650 _aLINGUISTICS
942 _hP15,Cx194,1,1, L5
_cTEXL
_2CC
999 _c427797
_d427797